000
002560000a22000970004500
100
1
_a
Rivera Velázquez, Melvin
245
1
0
_a
¿Por qué no responden?
300
_a
Vol. 54, Núm 240 (1999), Páginas 4-5
773
0
_t
La Biblia de las Américas
942
_c
ANA
999
_c
51520
_d
51520